| 000 | 00610nam a22001937i 4500 | ||
|---|---|---|---|
| 999 |
_c22876 _d22876 |
||
| 003 | AR-CdUCM | ||
| 008 | 240508b20182018 cl||||| |||| 00| 0 spa d | ||
| 020 | _a978-956-9343-15-5 | ||
| 040 |
_aMUNICIPALIDAD PROVINCIAL DEL CUSCO _cBIBLIOTECA MUNICIPAL DEL CUSCO |
||
| 082 |
_a869.34 / G82S _bG82S |
||
| 100 |
_aGrove, Edward. _949746 |
||
| 245 | _aEl Sobreviviente seguido de Ellos esperan / | ||
| 260 |
_aChile : _bRhinoceros ediciones, _c2018 |
||
| 300 |
_a301 páginas. : _c21 cm. |
||
| 650 |
_aEl sobreviviente _949747 |
||
| 650 |
_aEllos esperan _949748 |
||
| 942 |
_2ddc _cLIBROS |
||
| 945 |
_apbj _d2024-05-08 |
||